Atomic & Molecular spectra (Record no. 5362)

MARC details
000 -LEADER
fixed length control field 00283nam a2200133Ia 4500
003 - CONTROL NUMBER IDENTIFIER
control field SGT
082 ## - DEWEY DECIMAL CLASSIFICATION NUMBER
Classification number 530
Item number RAJ
100 ## - MAIN ENTRY--PERSONAL NAME
Personal name Raj kumar
245 ## - TITLE STATEMENT
Title Atomic & Molecular spectra
260 ## - PUBLICATION, DISTRIBUTION, ETC. (IMPRINT)
Name of publisher, distributor, etc Kedar Nath Ram Nath
Place of publication, distribution, etc Meerut
Year of Publication 2003
300 ## - PAGE DESCRIPTION
No. of Pages 592p.
650 ## - SUBJECT ADDED ENTRY--TOPICAL TERM
Topical term or geographic name as entry element Physics
942 ## - ADDED ENTRY ELEMENTS (KOHA)
Source of classification or shelving scheme Dewey Decimal Classification
Koha item type Books
Holdings
Withdrawn status Lost status Source of classification or shelving scheme Damaged status Not for loan Home library Current library Date acquired SGTU Full call number Accession No. (Barcode) Date last seen Bill Date Koha item type
    Dewey Decimal Classification     SGT Engineering Library SGT Engineering Library 16/10/2011 SGTU 530 RAJ FE4256 09/02/2015 09/02/2015 Gifted Books